| 000 | 00419nam a2200157Ia 4500 | ||
|---|---|---|---|
| 003 | GCL | ||
| 008 | 140319s9999 xx 000 0 eng d | ||
| 040 |
_aGCL / _cGCL |
||
| 082 | 0 | 4 |
_a530.1 _bP E |
| 100 | 1 | _aPRUSS, JAN | |
| 245 | 1 | 0 |
_aEVOLULIONRY INTEGRD EQUATIONS AND APPLICATIONS / _cPRUSS, JAN |
| 260 |
_a[S.N] : _bBIRKHAUSER VERLAG ، _c1993 |
||
| 300 | _a366 | ||
| 650 | 0 | 4 | _aMATHEMATICAL PHYSICS |
| 942 |
_2ddc _cBK |
||
| 999 |
_c15382 _d15382 |
||